000
003200000a22001450004500
003
MACL
040
_a
MACL
090
_c
48255
_d
48253
100
_a
Satapathy,Dr. C.
245
_a
The Life and Living
260
_a
Bhubabeswar
_b
Gyanajuga Pub.
_c
2010
350
_a
120
650
_a
Life Science
942
_c
BOOK
_k
574/SAT
999
_c
47745
_d
47745